Southeast Asian Ceramics Museum : Bangkok University
The Southeast Asian Ceramics Museum was established with the aim to be a learning center of ancient works of art for those who are interested in archeology, as well as to serve as a research center and a place for displaying highly valuable collections of cultural evidence.
Bewaard in:
| Formaat: | Boek |
|---|---|
| Taal: | Undetermined |
| Gepubliceerd in: |
Bangkok
Bangkok University Press
2009
|
| Onderwerpen: | |
| Tags: |
Voeg label toe
Geen labels, Wees de eerste die dit record labelt!
|
| Thư viện lưu trữ: | Trung tâm Học liệu Trường Đại học Cần Thơ |
|---|
| LEADER | 00817nam a2200193Ia 4500 | ||
|---|---|---|---|
| 001 | CTU_237169 | ||
| 008 | 210402s9999 xx 000 0 und d | ||
| 082 | |a 738 | ||
| 082 | |b B877 | ||
| 245 | 0 | |a Southeast Asian Ceramics Museum : | |
| 245 | 0 | |b Bangkok University | |
| 245 | 0 | |c Roxanna M. Brown | |
| 260 | |a Bangkok | ||
| 260 | |b Bangkok University Press | ||
| 260 | |c 2009 | ||
| 520 | |a The Southeast Asian Ceramics Museum was established with the aim to be a learning center of ancient works of art for those who are interested in archeology, as well as to serve as a research center and a place for displaying highly valuable collections of cultural evidence. | ||
| 650 | |a Đồ gốm, Đông Nam Á,Pottery, Southeast Asian | ||
| 910 | |b nthai | ||
| 980 | |a Trung tâm Học liệu Trường Đại học Cần Thơ | ||